000 00951nam a22002657a 4500
999 _c65046
_d65046
005 20240530110804.0
008 190224s2018 ua g b 000 0dara d
017 _a2018/11015
_bمصر. دار الكتب
020 _a9789773506605
040 _aEG-CaGPL
_cEG-CaGPL
082 0 4 _221
_a158 /
_bم ب
100 0 _aمحمد فياض
245 1 2 _aالبرمجة اللغوية العصبية :
_bمفتاح الكنز /
_cمحمد فياض
250 _aط.1
260 _aالقاهرة :
_bدار الكتاب الحديث،
_c2018.
300 _a175 ص. ؛
_c24 سم.
504 _aيشتمل على ارجاعات ببليوجرافية
650 0 7 _2qrmak
_aعلم النفس التطبيقى
650 0 7 _2qrmak
_aالطب وعلم النفس
650 0 7 _2qrmak
_aالتحليل النفسى
651 _2qrmak
653 0 _aالبرمجة اللغوية العصبية
942 _2ddc
_cBK